000 00581nam a2200181Ia 4500
003 GCL
008 140319s9999 xx 000 0 ara d
040 _aGCL /
_cGCL
082 0 4 _a398.22
_bح ا
100 1 _aحسين الحاج حسن
245 1 0 _aالاسطورة عند العرب فى الجاهلية /
_cحسين الحاج حسن
260 _a[S.N] :
_bالمؤسسة الجامعية للدراسات والنشر والتوزيع ،
_c1988
300 _a199 ص
490 _a
650 0 4 _aالادب الشعبى
650 0 4 _aالاساطير
942 _2ddc
_cBK
999 _c32859
_d32859